000 00647nam a2200289Ia 4500
005 20260324112245.0
008 008 260324s9999 xx 000 0 eng d
020 _a9781003376835
037 _aEBOOK
040 _aCRL
040 _beng
040 _cCRL
041 _2eng
041 _aeng
084 _qCRL
100 _aThomas Riccio
_91141942
245 0 _aSophia Robot
245 0 _bPost Human Being
260 _bTaylor and Francis
260 _c2024
365 _a
365 _b230
856 _uhttp://www.taylorfrancis.com/books/9781003376835
942 _cEBOOK
999 _c1731086
_d1731086